| 000 | 00596cam a2200181 a 4500 | ||
|---|---|---|---|
| 020 | _a0070483957 | ||
| 040 | _cDLC | ||
| 082 | 0 | 0 | _a621 HIL 1999 A036 Or. |
| 100 | 1 | _aNorton, Robert L. | |
| 245 | 1 | 0 |
_aDesign of machinery : _ban introduction to the synthesis and analysi of mechanisms and machines / |
| 250 | _a2nd ed. | ||
| 260 |
_aBoston : _bWCB McGraw-Hill, _c1999. |
||
| 300 |
_axxi 809 p. : _bill. (some col.) ; _c25 cm. + _e1 computer laser optical disc (4 3/4 in.) |
||
| 650 | 0 | _aMachine design. | |
| 650 | 0 | _aMachinery, Kinematics of. | |
| 650 | 0 | _aMachinery, Dynamics of. | |
| 942 | _cEK | ||
| 999 |
_c11460 _d11460 |
||